| 000 | 01201cam a2200325 i 4500 | ||
|---|---|---|---|
| 999 |
_c200441774 _d59986 |
||
| 001 | 200441774 | ||
| 003 | TR-AnTOB | ||
| 005 | 20231129161418.0 | ||
| 007 | ta | ||
| 008 | 150604s1967 tu a 000 0 tur | ||
| 035 | _a(TR-AnTOB)200441774 | ||
| 040 |
_aTOQ _beng _erda _cTOQ _dTR-AnTOB |
||
| 041 | 0 | _atur | |
| 050 | 4 |
_aTK5 _b.T87 1967 |
|
| 090 |
_aTK5 _b.T87 1967 |
||
| 111 | 2 |
_aTürkiye elektrik mühendisliği teknik kongre _n(III. _d15-17 Kasım 1967 : _cAnkara) _9131272 |
|
| 245 | 0 | 0 |
_aTürkiye elektrik mühendisliği III. teknik kongre tebliğleri, 15-17 Kasım 1967, Ankara / _cElektrik mühendisleri odası. |
| 264 | 1 |
_aAnkara : _bElektrik mühendisleri odası, _c1967. |
|
| 300 |
_a732 pages : _billustrations ; _c25 cm |
||
| 336 |
_2rdacontent _atext _btxt |
||
| 337 |
_2rdamedia _aunmediated _bn |
||
| 338 |
_2rdacarrier _avolume _bnc |
||
| 590 | _aGift of Kemal Demiray | ||
| 650 | 7 |
_aElektrik mühendisliği _zTürkiye _vKongreler _2etuturkob _9131274 |
|
| 710 | 2 |
_aElektrik Mühendisleri Odası (Turkey) _962726 |
|
| 942 |
_2lcc _cBK |
||
| 949 |
_aTK145 TÜR 1967 C.1 V.1 _wLC _c1 _i12622 _lGENEL _mMAIN _rY _sY _tKITAP _u4/6/2015 |
||